| Tag |
First Indicator |
Second Indicator |
Subfields |
| LEADER |
00000cas a2200000 a 4500 |
| 001 |
in00001325913 |
| 005 |
20151005074548.0 |
| 008 |
960118d19951997ja fr p 0 0eng d |
| 010 |
|
|
|a 99112411
|z sn 98047314
|
| 022 |
|
|
|a 1341-7932
|9 0563-7937
|
| 030 |
|
|
|a JGSBF3
|
| 035 |
|
|
|a (OCoLC)34051438
|
| 035 |
|
|
|9 AHD0013AM
|
| 040 |
|
|
|a EEM
|c EEM
|d UIU
|d CAS
|d WAU
|d DLC
|d TXA
|d UtOrBLW
|
| 042 |
|
|
|a lc
|
| 049 |
|
|
|a TXAE
|
| 050 |
0 |
0 |
|a IN PROCESS
|u <SSCD>
|
| 090 |
|
|
|a TA4
|b .T622
|
| 245 |
0 |
0 |
|a Journal of the Graduate School and Faculty of Engineering, the University of Tokyo.
|n Series B =
|b Tōkyō Daigaku Kōgakubu, Kōgakukei Kenkyuka kiyō. B.
|
| 246 |
3 |
1 |
|a Tōkyō Daigaku Kōgakubu, Kōgakukei Kenkyuka kiyō.
|n B
|
| 246 |
1 |
8 |
|a Journal of the Graduate School and Faculty of Engineering, the University of Tokyo.
|n B
|
| 246 |
3 |
1 |
|a Tōkyō Daigaku Kōgakubu, Kōgakukei Kenkyuka kiyō. B.
|
| 264 |
|
1 |
|a Tokyo, Japan :
|b The Graduate School and Faculty of Engineering,
|c 1995-1997.
|
| 300 |
|
|
|a volumes :
|b illustrations ;
|c 26 cm.
|
| 310 |
|
|
|a Semiannual
|
| 336 |
|
|
|a text
|b txt
|2 rdacontent
|
| 337 |
|
|
|a unmediated
|b n
|2 rdamedia
|
| 338 |
|
|
|a volume
|b nc
|2 rdacarrier
|
| 362 |
0 |
|
|a Vol. 43, 2 (Sept. 1995)-v. 44, no. 2 (Sept. 1997).
|
| 500 |
|
|
|a Title from cover.
|
| 510 |
0 |
|
|a Chemical Abstracts
|x 0009-2258
|
| 515 |
|
|
|a Four no. per vol.
|
| 650 |
|
0 |
|a Engineering
|v Periodicals.
|
| 710 |
2 |
|
|a Tōkyō Daigaku.
|b Kōgakubu.
|
| 710 |
2 |
|
|a Tōkyō Daigaku.
|b Kōgakukei Kenkyūka.
|
| 780 |
0 |
0 |
|a Tōkyō Daigaku. Kōgakubu.
|t Journal of the Faculty of Engineering, University of Tokyo. Series B
|x 0563-7937
|w (DLC) 99112410
|w (OCoLC)2148806
|
| 785 |
0 |
0 |
|t Journal of the School of Engineering, the University of Tokyo
|x 1344-2929
|w (OCoLC)40568835
|
| 948 |
|
|
|a t2
|
| 999 |
|
|
|a MARS
|
| 999 |
f |
f |
|s f7060b4f-ec86-3abd-8034-ef211e9862ac
|i 4881c4b6-22ca-3b30-8682-7d518a6649e2
|t 0
|
| 952 |
f |
f |
|p ric
|a Texas A&M University
|b Rellis Campus
|c Joint Library Facility
|d Remote Storage
|t 0
|e TA4 .T622
|h Library of Congress classification
|i unmediated -- volume
|k v.43:no.2 -v.43:no.4
|l 1995-1996
|m A14822513466
|
| 952 |
f |
f |
|p ric
|a Texas A&M University
|b Rellis Campus
|c Joint Library Facility
|d Remote Storage
|t 0
|e TA4 .T622
|h Library of Congress classification
|i unmediated -- volume
|k v.44:no.1 -.44:no.2
|l 1997-1997
|m A14825294752
|
| 998 |
f |
f |
|a TA4 .T622
|s v.44:no.1-2 (1997:Mar.-Sept.)
|t 0
|l Remote Storage
|